Statistics for Pitch perfect quotes!

Click here to take the quiz!

General Stats

  • This quiz has been taken 220 times
  • The average score is 7 of 13

Answer Stats

Hint Who said it? Fill the gaps % Correct
My real name is ___ ________Fat AmyFat Patricia
90%
I know you're in there, Jesse, I can smell _______Becapopcorn
82%
For the past 2 years, I've had a serious ________ ________Cynthia Rosegambling problem
79%
I'm gonna kill him! I'm gonna finish him like a ___________Fat Amycheesecake
65%
I make _____ to feel joyLillyfires
64%
My hobbies include _______ ____, and E networkStaceycuticle care
56%
I've been hit by ______ _______ ____Fat Amyflying mexican food
53%
The smell of you're weird is actually affecting my _____ ______Bumpervocal chords
52%
I'm very _________ about, all thisChloeconfident
39%
I'm not sure what you mean by weird? ___ __Benjigot it
34%
I call it the ________ ___ hairstyle, because it's very reserved in the back, and party at the frontFat Amyorthodox jew
32%
My Daddy always said, if at once you don't succeed, ____ ____ _____Aubreypack your bags
24%
I'm here for one reason only. ________ __'_Jessestacking cd's
24%

Score Distribution

Percentile by Number Answered

Percent of People with Each Score

Your Score History

You have not taken this quiz